[Event "September 1800+"]
[Site "SchemingMind.com"]
[Date "2015.09.01"]
[Round "-"]
[White "Stephen Woodhouse"]
[Black "frankly"]
[Result "0-1"]
[WhiteCountry "ENG"]
[BlackCountry "ENG"]
[WhiteElo "1881"]
[WhiteRD "49"]
[BlackElo "2463"]
[BlackRD "57"]
[GameID "386870"]

1. e4 c5 2. c3 d5 3. exd5 Qxd5 4. d4 Nf6 5. Nf3 Nc6 6. Be3 cxd4 7. cxd4 e6 8. Nc3 Qd6 9. a3 Be7 10. Bd3 O-O
11. O-O b6 12. Qe2 Bb7 13. Rad1 Rac8 14. Rfe1 Rfe8 15. Bg5 Qd8 16. Bb1 Nd5 17. Nxd5 Bxg5 18. Nxg5 Qxg5 19. Nc3 Nxd4 20. Qf1 Nf3+
0-1

[Event "September 1800+"]
[Site "SchemingMind.com"]
[Date "2015.09.01"]
[Round "-"]
[White "frankly"]
[Black "Stephen Woodhouse"]
[Result "1-0"]
[WhiteCountry "ENG"]
[BlackCountry "ENG"]
[WhiteElo "2463"]
[WhiteRD "57"]
[BlackElo "1881"]
[BlackRD "49"]
[GameID "386871"]

1. d4 e6 2. c4 d5 3. Nc3 c5 4. cxd5 exd5 5. Nf3 Nc6 6. g3 Nf6 7. Bg2 Be7 8. O-O O-O 9. Bg5 c4 10. Ne5 Be6
11. Nxc6 bxc6 12. b3 Qa5 13. Qd2 Rac8 14. Nxd5 Qd8 15. Nxe7+ Qxe7 16. Rfc1 cxb3 17. axb3 Bd5 18. e4 Bxe4 19. Bxf6 gxf6 20. Re1 f5
21. f3
1-0

[Event "September 1800+"]
[Site "SchemingMind.com"]
[Date "2015.09.08"]
[Round "-"]
[White "Stephen Woodhouse"]
[Black "William Lindberg"]
[Result "0-1"]
[WhiteCountry "ENG"]
[BlackCountry "USA"]
[WhiteElo "1881"]
[WhiteRD "49"]
[BlackElo "2247"]
[BlackRD "66"]
[GameID "387136"]

1. e4 e5 2. Nf3 Nc6 3. d4 exd4 4. Nxd4 Bc5 5. Be3 Qf6 6. c3 a6 7. Be2 Nge7 8. O-O O-O 9. Nxc6 Qxc6 10. Bxc5 Qxc5
11. Nd2 Re8 12. Nb3 Qe5 13. Qd4 Ng6 14. f3 Qg5 15. Rad1 Nf4 16. Qf2 Nh3+
0-1

[Event "September 1800+"]
[Site "SchemingMind.com"]
[Date "2015.09.08"]
[Round "-"]
[White "William Lindberg"]
[Black "Stephen Woodhouse"]
[Result "1-0"]
[WhiteCountry "USA"]
[BlackCountry "ENG"]
[WhiteElo "2247"]
[WhiteRD "66"]
[BlackElo "1881"]
[BlackRD "49"]
[GameID "387137"]

1. d4 e6 2. e4 d5 3. Nc3 Nf6 4. Bg5 dxe4 5. Nxe4 Be7 6. Bxf6 Bxf6 7. Nf3 O-O 8. Bc4 Nd7 9. O-O b6 10. Qe2 Bb7
11. Rad1 Qe7 12. c3 c5 13. d5 exd5 14. Bxd5 Bxd5 15. Rxd5 Rfe8 16. Re1 Kf8 17. Qd1 Ne5 18. Nxe5 Bxe5 19. Rd7 Qh4 20. g3 Qh6
21. f4 Bf6 22. Qd5 Qg6 23. Nd6 Rxe1+ 24. Kg2 Be7 25. Qxa8+
1-0

[Event "September 1800+"]
[Site "SchemingMind.com"]
[Date "2015.09.08"]
[Round "-"]
[White "frankly"]
[Black "William Lindberg"]
[Result "1-0"]
[WhiteCountry "ENG"]
[BlackCountry "USA"]
[WhiteElo "2454"]
[WhiteRD "56"]
[BlackElo "2279"]
[BlackRD "65"]
[GameID "387138"]

1. d4 Nf6 2. Nf3 e6 3. c4 d5 4. Nc3 Be7 5. Bg5 O-O 6. e3 h6 7. Bh4 Nbd7 8. Rc1 c6 9. Bd3 dxc4 10. Bxc4 b5
11. Bd3 b4 12. Bxf6 Bxf6 13. Ne4 Be7 14. Rxc6 Bb7 15. Rc1 Qa5 16. Ned2 Nb6 17. O-O Rac8 18. Rxc8 Rxc8 19. Qb1 Bd6 20. h3 Bd5
21. Nb3 Qa4 22. Nfd2 Bf8 23. Bh7+ Kh8 24. Be4 g6 25. Bxd5 exd5 26. Nf3 Kg7 27. Ne5 Be7 28. Nd3 Nd7 29. g3 h5 30. Rc1 Rxc1+
31. Ndxc1 h4 32. g4 Qc6 33. Nd3 Bd6 34. Nbc5 a5 35. Nxd7 Qxd7 36. Ne1 a4 37. Qc2 f6 38. Ng2 f5 39. gxf5 b3 40. axb3 axb3
41. Qd3 g5 42. e4 dxe4 43. Qxe4 Be7 44. Ne3 Bf6 45. Nd5 Bd8 46. f6+ Kf8 47. Qe5 Kf7 48. f4 Qxh3 49. fxg5 Qf3 50. g6+ Kxg6
51. Nf4+ Kh6 52. f7 Qg3+ 53. Ng2 Qxe5 54. f8=Q+ Qg7 55. Qxd8 Kg6 56. Kh2 Qf7 57. Qxh4 Qd7 58. d5 Kf7 59. Qh7+ Ke8 60. Qxd7+ Kxd7
61. Kg3 Kc7 62. Kf4 Kd6 63. Ne3 Kd7 64. Ke5 Ke7 65. Nf5+ Kd7 66. d6 Kd8 67. Ke6 Kc8 68. Ke7
1-0

[Event "September 1800+"]
[Site "SchemingMind.com"]
[Date "2015.09.07"]
[Round "-"]
[White "William Lindberg"]
[Black "frankly"]
[Result "1/2-1/2"]
[WhiteCountry "USA"]
[BlackCountry "ENG"]
[WhiteElo "2279"]
[WhiteRD "65"]
[BlackElo "2454"]
[BlackRD "56"]
[GameID "387139"]

1. Nf3 Nf6 2. d4 d5 3. c4 c6 4. e3 e6 5. Qc2 Nbd7 6. Nc3 Bd6 7. Bd3 O-O 8. O-O dxc4 9. Bxc4 b5 10. Bd3 Bb7
11. a3 a5 12. Ng5 h6 13. Nge4 Be7 14. Nxf6+ Nxf6 15. Ne4 Nxe4 16. Bxe4 Qb6 17. Bd2 b4 18. Rfc1 Rfc8 19. axb4 axb4 20. Rxa8 Rxa8
21. Qc4 Rc8 22. g3 Ba6 23. Qa2 c5 24. dxc5 Bxc5 25. b3 Rd8 26. Rxc5 Qxc5 27. Qxa6 Qe5 28. Bc2 Qc7 29. Qa2 Rxd2 30. Bh7+ Kxh7
31. Qxd2 Qa5 32. Qd3+ Kg8 33. Qd4 Qa3 34. Qd8+ Kh7=
1/2-1/2

[Event "September 1800+"]
[Site "SchemingMind.com"]
[Date "2015.09.11"]
[Round "-"]
[White "GBEDARD"]
[Black "Stephen Woodhouse"]
[Result "1-0"]
[WhiteCountry "USA"]
[BlackCountry "ENG"]
[WhiteElo "2100"]
[WhiteRD "68"]
[BlackElo "1927"]
[BlackRD "48"]
[GameID "387257"]

1. e4 e6 2. d4 d5 3. Nc3 Nf6 4. e5 Nfd7 5. f4 c5 6. Nf3 Nc6 7. Be3 cxd4 8. Nxd4 Bc5 9. Qd2 Nxd4 10. Bxd4 Bxd4
11. Qxd4 Qb6 12. Nb5 Qxd4 13. Nxd4 a6 14. O-O-O Ke7 15. g3 Nc5 16. Bg2 Bd7 17. Rhe1 Rac8 18. Kb1 h5 19. Bf3 g6 20. h3 Na4
21. Ka1 Rc7 22. c3 Rhc8 23. g4 hxg4 24. hxg4 Rh8 25. Rh1 Rcc8 26. f5 gxf5 27. gxf5 exf5 28. Bxd5 Rxh1 29. Rxh1 Be6 30. Nxe6 fxe6
31. Rh7+ Kd8 32. Rh8+ Kc7 33. Rxc8+ Kxc8 34. Bxe6+ Kd8 35. Bxf5
1-0

[Event "September 1800+"]
[Site "SchemingMind.com"]
[Date "2015.09.10"]
[Round "-"]
[White "Stephen Woodhouse"]
[Black "GBEDARD"]
[Result "0-1"]
[WhiteCountry "ENG"]
[BlackCountry "USA"]
[WhiteElo "1927"]
[WhiteRD "48"]
[BlackElo "2100"]
[BlackRD "68"]
[GameID "387258"]

1. e4 g6 2. d4 Bg7 3. Nc3 d6 4. f4 Nf6 5. Nf3 O-O 6. Bd3 Nc6 7. O-O e5 8. dxe5 dxe5 9. f5 Nb4 10. Bg5 Nxd3
11. Qxd3 Qxd3 12. cxd3 c6 13. Nxe5 Nxe4 14. dxe4 Bxe5 15. Be7 Re8 16. f6 Be6 17. a4 b6 18. Rad1 h6 19. g3 Bb3 20. Rd7 Kh7
21. Rf2 g5 22. Nd1 c5 23. Nc3 Bd4 24. Nd5 Bxf2+ 25. Kxf2 Bxa4 26. Rc7 Rec8 27. Bd6 Rxc7 28. Nxc7 Rd8 29. e5 Rd7 30. Ke3 Kg6
31. g4 Bd1 32. h3 h5 33. gxh5+ Kxh5 34. e6 Rxd6 35. e7 Ba4 36. b3 Bd7
0-1

[Event "September 1800+"]
[Site "SchemingMind.com"]
[Date "2015.09.11"]
[Round "-"]
[White "GBEDARD"]
[Black "frankly"]
[Result "0-1"]
[WhiteCountry "USA"]
[BlackCountry "ENG"]
[WhiteElo "2100"]
[WhiteRD "68"]
[BlackElo "2454"]
[BlackRD "56"]
[GameID "387259"]

1. e4 c5 2. Nf3 Nc6 3. d4 cxd4 4. Nxd4 Nf6 5. Nc3 e5 6. Ndb5 d6 7. Bg5 a6 8. Na3 b5 9. Nd5 Be7 10. Bxf6 Bxf6
11. c3 Bg5 12. Nc2 O-O 13. a4 bxa4 14. Rxa4 a5 15. Bc4 Rb8 16. b3 Kh8 17. Nce3 g6 18. h4 Bxh4 19. g3 Bg5 20. f4 exf4
21. gxf4 Bh4+ 22. Kd2 Ne7 23. Qg1 Nxd5 24. Nxd5 h5 25. Qa7 Bg4 26. Rxh4 Qxh4 27. Qg1 Be6 28. Qe3 Kh7 29. Rxa5 Ra8 30. b4 Rxa5
31. bxa5 Ra8 32. a6 Bxd5 33. exd5 Qh2+ 34. Kd3 h4 35. f5 gxf5 36. Qe2 Qg3+ 37. Kc2 Kg6 38. Qf1 h3 39. Bd3 Qg2+ 40. Kb3 Rb8+
41. Kc4 Qg4+
0-1

[Event "September 1800+"]
[Site "SchemingMind.com"]
[Date "2015.09.11"]
[Round "-"]
[White "frankly"]
[Black "GBEDARD"]
[Result "1-0"]
[WhiteCountry "ENG"]
[BlackCountry "USA"]
[WhiteElo "2463"]
[WhiteRD "57"]
[BlackElo "2117"]
[BlackRD "68"]
[GameID "387260"]

1. d4 Nf6 2. Nf3 e6 3. c4 c5 4. d5 exd5 5. cxd5 d6 6. Nc3 g6 7. e4 Bg7 8. h3 O-O 9. Bd3 b5 10. Nxb5 Re8
11. O-O Nxe4 12. Re1 a6 13. Nc3 Nxc3 14. bxc3 Bxc3 15. Rxe8+ Qxe8 16. Rb1 Nd7 17. Qa4 Nf6 18. Qc4 Ba5 19. Bg5 Nh5 20. Qh4 f5
21. Rb2 Bd7 22. g4 fxg4 23. hxg4 Ng7 24. Bf6 c4 25. Bc2 Qf7 26. Rb7 h5 27. Qg5 Rf8 28. Bd4 Qxf3 29. Rxd7 Rf7 30. Rxf7 Qxf7
31. Bxg6 Qd7 32. Bf5 Qb7 33. Be6+ Kf8 34. Qh6
1-0

[Event "September 1800+"]
[Site "SchemingMind.com"]
[Date "2015.09.12"]
[Round "-"]
[White "GBEDARD"]
[Black "William Lindberg"]
[Result "0-1"]
[WhiteCountry "USA"]
[BlackCountry "USA"]
[WhiteElo "2100"]
[WhiteRD "68"]
[BlackElo "2279"]
[BlackRD "65"]
[GameID "387261"]

1. e4 e5 2. Nf3 Nc6 3. Bb5 Nf6 4. O-O Be7 5. Re1 d6 6. d4 exd4 7. Nxd4 Bd7 8. Bxc6 bxc6 9. c4 O-O 10. Nc3 Re8
11. b3 a5 12. Bb2 h6 13. Nf5 Bf8 14. Qf3 g6 15. Ng3 Bg7 16. Rac1 Ng4 17. h3 Ne5 18. Qe3 c5 19. Rcd1 a4 20. Rd2 Rb8
21. f4 Nxc4 22. bxc4 Rxb2 23. Kh2 a3 24. Nb5 Bxb5 25. cxb5 Bd4 26. Qe2 Qf6 27. Rf1 Qe6 28. Rfd1 Qxa2 29. Qd3 Ra8 30. Re2 Bf2
31. Rxb2 axb2 32. Qf1 Bxg3+ 33. Kxg3 Qb3+ 34. Kh2 Qxd1 35. Qxd1 Ra1 36. Qe2 b1=Q
0-1

[Event "September 1800+"]
[Site "SchemingMind.com"]
[Date "2015.09.11"]
[Round "-"]
[White "William Lindberg"]
[Black "GBEDARD"]
[Result "1-0"]
[WhiteCountry "USA"]
[BlackCountry "USA"]
[WhiteElo "2279"]
[WhiteRD "65"]
[BlackElo "2100"]
[BlackRD "68"]
[GameID "387262"]

1. c4 Nf6 2. Nf3 e6 3. d4 c5 4. e3 d5 5. Nc3 Nc6 6. Be2 dxc4 7. O-O cxd4 8. exd4 Bb4 9. a3 Bd6 10. Bxc4 O-O
11. Re1 h6 12. h3 Bd7 13. Qd3 Ne7 14. Ne5 Nf5 15. Bf4 Qc7 16. d5 Rfd8 17. Nxd7 Bxf4 18. dxe6 Nxd7 19. Nd5 Qd6 20. exf7+ Kh8
21. Qxf5 Bg5 22. Re6 Qc5 23. Qe4 Nf8 24. Re8 Qd6 25. Bd3
1-0

[Event "September 1800+"]
[Site "SchemingMind.com"]
[Date "2015.09.13"]
[Round "-"]
[White "GBEDARD"]
[Black "John Hamer"]
[Result "1/2-1/2"]
[WhiteCountry "USA"]
[BlackCountry "ENG"]
[WhiteElo "2029"]
[WhiteRD "64"]
[BlackElo "2024"]
[BlackRD "59"]
[GameID "387296"]

1. e4 c6 2. d4 d5 3. Nc3 dxe4 4. Nxe4 Bf5 5. Ng3 Bg6 6. h4 h6 7. Nf3 e6 8. Ne5 Bh7 9. Bd3 Bxd3 10. Qxd3 Nd7
11. f4 c5 12. Be3 Qa5+ 13. Bd2 Qa4 14. d5 Rd8 15. b3 Nxe5 16. fxe5 Qd4 17. Qxd4 cxd4 18. dxe6 fxe6 19. Nh5 Rd5 20. O-O Rxe5
21. Nf4 Be7= 22. g3 Nf6 23. Ng6 Re2 24. Nxh8 Rxd2 25. Rf2 Rxf2 26. Kxf2 e5 27. Ke2 e4 28. Ng6 Bd6 29. Rd1 Bc5 30. Nf4 Kd7
31. b4 Bb6 32. a4 a6 33. a5 Ba7 34. Kd2 Kd6 35. Rf1 Ke5 36. h5 Bb8 37. c4 Bd6 38. c5 Bb8 39. Kc2 Ng4 40. Kd2 e3+
41. Kd3 Nf2+ 42. Kc4 Ke4 43. Ng2 Bxg3 44. b5 d3 45. bxa6 bxa6 46. Nxe3 Kxe3 47. Rg1 Be5 48. Re1+ Kf4 49. Rf1 Kf3 50. Kd5 Ke2
51. Rg1 d2 52. Kxe5 Nd3+ 53. Ke6 Ne1 54. c6 d1=Q 55. Rxg7 Qb3+ 56. Ke7 Qb4+ 57. Ke8 Qxa5 58. Re7+ Kd1 59. c7 Qxh5+ 60. Kd8 Qa5
61. Kd7 Qd2+ 62. Kc6 Qc3+ 63. Kd7 Qd3+ 64. Ke8 Qc4=
1/2-1/2

[Event "September 1800+"]
[Site "SchemingMind.com"]
[Date "2015.09.12"]
[Round "-"]
[White "John Hamer"]
[Black "GBEDARD"]
[Result "1-0"]
[WhiteCountry "ENG"]
[BlackCountry "USA"]
[WhiteElo "2024"]
[WhiteRD "59"]
[BlackElo "2029"]
[BlackRD "64"]
[GameID "387297"]

1. d4 Nf6 2. Nf3 e6 3. c4 c5 4. d5 exd5 5. cxd5 d6 6. Nc3 g6 7. e4 Bg7 8. Be2 O-O 9. O-O Re8 10. Nd2 Na6
11. f3 Nc7 12. a4 Nd7 13. Nc4 Ne5 14. Ne3 f5 15. f4 Nf7 16. exf5 Bd4 17. fxg6 hxg6 18. Rf3 Bf5 19. Kh1 Nh6 20. Bd2 Qf6
21. Qb3 Bg4 22. Nxg4 Nxg4 23. Qxb7 Qd8 24. Bd3 Rb8 25. Qxa7 Rxb2 26. Bxg6 Qh4 27. h3 Re7 28. Bf5 Rxd2 29. Bxg4 Re1+ 30. Rf1 Qf2
31. Qb8+ Re8 32. Be6+ Kf8 33. Rxf2 Rxb8 34. Rxd2 Bxc3 35. Rda2 Bxa1 36. Rxa1 Ke7 37. f5 Nxe6 38. dxe6 d5 39. g4 c4 40. Kg2 d4
41. Rd1 d3 42. Kf3 Rh8 43. Ke4 Kf6 44. Kd4 c3 45. Kxc3
1-0

[Event "September 1800+"]
[Site "SchemingMind.com"]
[Date "2015.09.12"]
[Round "-"]
[White "John Hamer"]
[Black "Stephen Woodhouse"]
[Result "1-0"]
[WhiteCountry "ENG"]
[BlackCountry "ENG"]
[WhiteElo "2029"]
[WhiteRD "60"]
[BlackElo "1881"]
[BlackRD "49"]
[GameID "387298"]

1. d4 e6 2. c4 d5 3. Nf3 c5 4. e3 Nc6 5. Nc3 Nf6 6. a3 cxd4 7. exd4 Be7 8. c5 O-O 9. Bd3 e5 10. dxe5 Ne4
11. Qc2 Nxc5 12. Bxh7+ Kh8 13. b4 d4 14. bxc5 dxc3 15. Be4 Qa5 16. O-O Bxc5 17. Bf4 Nd4 18. Nxd4 Bxd4 19. Qd1
1-0

[Event "September 1800+"]
[Site "SchemingMind.com"]
[Date "2015.09.12"]
[Round "-"]
[White "Stephen Woodhouse"]
[Black "John Hamer"]
[Result "1/2-1/2"]
[WhiteCountry "ENG"]
[BlackCountry "ENG"]
[WhiteElo "1881"]
[WhiteRD "49"]
[BlackElo "2029"]
[BlackRD "60"]
[GameID "387299"]

1. e4 e5 2. Nf3 Nc6 3. d4 exd4 4. Nxd4 Nf6 5. Nc3 Bc5 6. Be3 Bb6 7. Nxc6 bxc6 8. e5 Bxe3 9. fxe3 Nd5 10. Nxd5 cxd5
11. Qxd5 Qh4+ 12. Kd1 Rb8 13. Qd4 Rb4 14. Qxh4 Rxh4 15. Bd3 Bb7 16. e4 Rh5 17. Kd2 Rxe5 18. Rae1=
1/2-1/2

[Event "September 1800+"]
[Site "SchemingMind.com"]
[Date "2015.09.12"]
[Round "-"]
[White "John Hamer"]
[Black "frankly"]
[Result "0-1"]
[WhiteCountry "ENG"]
[BlackCountry "ENG"]
[WhiteElo "2013"]
[WhiteRD "60"]
[BlackElo "2454"]
[BlackRD "56"]
[GameID "387300"]

1. d4 Nf6 2. Nf3 d5 3. c4 c6 4. Nc3 dxc4 5. a4 Bf5 6. e3 e6 7. Bxc4 Bb4 8. O-O O-O 9. Qe2 Nbd7 10. e4 Bg6
11. Bd3 Bh5 12. e5 Nd5 13. Nxd5 cxd5 14. Qe3 Be7 15. Bd2 Nb8 16. Ne1 Nc6 17. Qh3 Bg6 18. Bxg6 hxg6 19. Nf3 Rc8 20. Rfd1 Na5
21. Rab1 Nb3 22. Ng5 Bxg5 23. Qxb3 Bxd2 24. Rxd2 Qd7 25. a5 Rc4 26. Rdd1 Rfc8 27. Qd3 Qb5 28. b4 Qa4 29. Qd2 Rc2 30. Qe3 Rb2
31. Qe1 Qb3 32. Rxb2= Qxb2 33. h3 Rc2 34. Kf1 Rc4 35. Qd2 Qb3 36. Kg1 Rxb4
0-1

[Event "September 1800+"]
[Site "SchemingMind.com"]
[Date "2015.09.12"]
[Round "-"]
[White "frankly"]
[Black "John Hamer"]
[Result "1-0"]
[WhiteCountry "ENG"]
[BlackCountry "ENG"]
[WhiteElo "2463"]
[WhiteRD "57"]
[BlackElo "2029"]
[BlackRD "60"]
[GameID "387301"]

1. d4 Nf6 2. Nf3 c6 3. c4 d5 4. Qb3 e6 5. g3 dxc4 6. Qxc4 b5 7. Qd3 Bb7 8. Bg2 Nbd7 9. O-O a6 10. Nfd2 Be7
11. Nb3 O-O 12. Nc3 Qb6 13. Be3 Rad8 14. Ne4 Nxe4 15. Qxe4 a5 16. Rac1 a4 17. Nc5 Nxc5 18. dxc5 Qa5 19. Bd4 a3 20. Bc3 Qa7
21. b4 Rfe8 22. Rfd1 Qa4 23. Rxd8 Rxd8 24. Qe5 Bf8 25. Qc7 Qa8 26. Be4 Rc8 27. Qf4 Rd8 28. Rb1 Be7 29. Bxh7+ Kxh7 30. Qxf7 Bf8
31. Bf6 Rd2 32. Rb3
1-0

[Event "September 1800+"]
[Site "SchemingMind.com"]
[Date "2015.09.12"]
[Round "-"]
[White "John Hamer"]
[Black "William Lindberg"]
[Result "0-1"]
[WhiteCountry "ENG"]
[BlackCountry "USA"]
[WhiteElo "2013"]
[WhiteRD "60"]
[BlackElo "2279"]
[BlackRD "65"]
[GameID "387302"]

1. d4 Nf6 2. c4 e6 3. Nf3 d5 4. Nc3 Be7 5. e4 dxe4 6. Ng5 O-O 7. Ngxe4 Nxe4 8. Nxe4 Nc6 9. d5 exd5 10. cxd5 Nb4
11. Bc4 Bf5 12. f3 Bxe4 13. fxe4 Bc5 14. Bf4 Qf6 15. Qd2 Rae8 16. e5 Qh4+ 17. g3 Rxe5+ 18. Be2 Qh5 19. Bxe5 Qxe5 20. Qc3 Qxd5
0-1

[Event "September 1800+"]
[Site "SchemingMind.com"]
[Date "2015.09.13"]
[Round "-"]
[White "William Lindberg"]
[Black "John Hamer"]
[Result "1/2-1/2"]
[WhiteCountry "USA"]
[BlackCountry "ENG"]
[WhiteElo "2279"]
[WhiteRD "65"]
[BlackElo "2013"]
[BlackRD "60"]
[GameID "387303"]

1. c4 Nf6 2. Nf3 e6 3. d4 Bb4+ 4. Nc3 O-O 5. e3 d6 6. Bd2 Nbd7 7. Qc2 b6 8. Bd3 Bb7 9. O-O c5 10. Ng5 h6
11. Nh7 Nxh7 12. Bxh7+ Kh8 13. Be4 Bxe4 14. Nxe4 Bxd2 15. Qxd2 Nf6 16. Nc3 Qc7 17. Rfd1 Rad8 18. Rac1 a6 19. b3 Kg8 20. Qd3 cxd4
21. exd4 Rc8 22. h3 Rfe8=
1/2-1/2

[Event "September 1800+"]
[Site "SchemingMind.com"]
[Date "2015.09.20"]
[Round "-"]
[White "GBEDARD"]
[Black "fanfan_la_Tulipe"]
[Result "0-1"]
[WhiteCountry "USA"]
[BlackCountry "AUT"]
[WhiteElo "2029"]
[WhiteRD "64"]
[BlackElo "2130"]
[BlackRD "72"]
[GameID "387740"]

1. e4 e5 2. Nf3 Nc6 3. Bb5 a6 4. Ba4 Nf6 5. O-O b5 6. Bb3 Bc5 7. c3 d6 8. a4 Bg4 9. h3 Bh5 10. g4 Bg6
11. d4 Bb6 12. Bg5 Rb8 13. Nbd2 h6 14. Bxf6 Qxf6 15. Qe2 exd4 16. Bd5 Ne7 17. axb5 dxc3 18. bxc3 axb5 19. e5 Qf4 20. Bc6+ Nxc6
21. exd6+ Kd7 22. dxc7 Qg3+ 23. Kh1 Qxh3+ 24. Nh2 Bxc7 25. Nf3 Bxh2 26. Nxh2 Rhe8 27. Qd2+ Kc7 28. Rad1 Rbd8 29. Qf4+ Kb7 30. Rxd8 Rxd8
31. f3 Qh4 32. Kg2 Qe7 33. Rf2 Qe5 34. Qc1 Rd3 35. Rc2 Qd6 36. c4 b4 37. Re2 Rd1 38. Qe3 Qd4 39. Qxd4 Rxd4 40. Nf1 Rxc4
41. Ne3 Rd4 42. Rb2 Kb6 43. Kg3 Kb5 44. Re2 Rd3 45. Kf2 b3 46. Rb2 Ka4 47. f4 Ka3 48. Nc4+ Kb4 49. Nb6 Be4 50. Ke1 Rc3
51. Kd1 Na5 52. Rd2 Rd3 53. Rxd3 Bxd3 54. Nd5+ Ka3 55. Kd2 b2 56. Nc3 b1=Q 57. Nxb1+ Bxb1
0-1

[Event "September 1800+"]
[Site "SchemingMind.com"]
[Date "2015.09.20"]
[Round "-"]
[White "John Hamer"]
[Black "fanfan_la_Tulipe"]
[Result "1-0"]
[WhiteCountry "ENG"]
[BlackCountry "AUT"]
[WhiteElo "2050"]
[WhiteRD "60"]
[BlackElo "2105"]
[BlackRD "73"]
[GameID "387742"]

1. d4 Nf6 2. c4 g6 3. Nf3 Bg7 4. Nc3 d5 5. Bf4 O-O 6. e3 c5 7. dxc5 Qa5 8. Rc1 Rd8 9. Qa4 Qxc5 10. b4 Qc6
11. b5 Qc5 12. Qb3 Bg4 13. Na4 Qc8 14. Be2 Qf5 15. Nd4 dxc4 16. Rxc4 Qd5 17. f3 Be6 18. O-O Qd7 19. Nc5 Bxc4 20. Bxc4 Qe8
21. Nde6 fxe6 22. Nxe6 Kh8 23. Nc7 Qf8 24. Nxa8 Nbd7 25. Nc7 Nc5 26. Qa3 Nfd7 27. Qxa7 e5 28. Bg3 Qd6 29. Nd5 Rc8 30. Rd1 Qf8
31. Qa5 b6 32. Qb4 Ra8 33. e4 Ra4 34. Qc3 Ra8 35. Bf2 Rc8 36. Qc2 Rb8 37. Be3 h6 38. Qf2 Rc8 39. Qh4 Rb8 40. Ne7 Kh7
41. Bg8+
1-0

[Event "September 1800+"]
[Site "SchemingMind.com"]
[Date "2015.09.20"]
[Round "-"]
[White "fanfan_la_Tulipe"]
[Black "John Hamer"]
[Result "1/2-1/2"]
[WhiteCountry "AUT"]
[BlackCountry "ENG"]
[WhiteElo "2130"]
[WhiteRD "72"]
[BlackElo "2024"]
[BlackRD "59"]
[GameID "387743"]

1. Nf3 d5 2. c4 e6 3. b3 Nf6 4. g3 c5 5. cxd5 exd5 6. d4 Nc6 7. Bg2 Be7 8. Bb2 O-O 9. O-O Bg4 10. Nbd2 Re8
11. h3 Bh5 12. dxc5 Bxc5 13. Rc1 Bd6 14. Re1 Rc8 15. e3 Qe7 16. g4 Bg6 17. Nh4 Bd3 18. Bf1 Bxf1=
1/2-1/2

[Event "September 1800+"]
[Site "SchemingMind.com"]
[Date "2015.09.20"]
[Round "-"]
[White "fanfan_la_Tulipe"]
[Black "Stephen Woodhouse"]
[Result "1-0"]
[WhiteCountry "AUT"]
[BlackCountry "ENG"]
[WhiteElo "2087"]
[WhiteRD "70"]
[BlackElo "1881"]
[BlackRD "49"]
[GameID "387744"]

1. Nf3 e6 2. b3 d5 3. Bb2 Nf6 4. g3 Be7 5. Bg2 O-O 6. O-O c5 7. d4 Nc6 8. Nbd2 Qc7 9. dxc5 Nd7 10. c4 dxc4
11. Nxc4 Bxc5 12. Rc1 b5 13. Nce5 Ndxe5 14. Nxe5 Nxe5 15. Bxa8 Ba6 16. Be4 Qb6 17. Bxe5
1-0

[Event "September 1800+"]
[Site "SchemingMind.com"]
[Date "2015.09.20"]
[Round "-"]
[White "Stephen Woodhouse"]
[Black "fanfan_la_Tulipe"]
[Result "0-1"]
[WhiteCountry "ENG"]
[BlackCountry "AUT"]
[WhiteElo "1935"]
[WhiteRD "50"]
[BlackElo "2130"]
[BlackRD "72"]
[GameID "387745"]

1. e4 e5 2. Nf3 d6 3. d4 Nf6 4. Nc3 Nbd7 5. Bc4 Be7 6. O-O O-O 7. a4 c6 8. Re1 h6 9. Ba2 a5 10. h3 Re8
11. Be3 Bf8 12. Qd2 b6 13. Rad1 Qc7 14. Nh4 Bb7 15. Ng6 Rad8 16. d5 c5 17. Nxf8 Nxf8 18. f3 Ng6 19. Ne2 Qd7 20. Ng3 Qxa4
21. Bb3 Qd7 22. Nf5 Ne7 23. g4 Nxf5 24. gxf5 Kh7 25. Kh2 a4 26. Ba2 a3 27. bxa3 Ra8 28. Rg1 Rxa3 29. c4 Qa4 30. Rg2 Rxa2
0-1

[Event "September 1800+"]
[Site "SchemingMind.com"]
[Date "2015.09.20"]
[Round "-"]
[White "fanfan_la_Tulipe"]
[Black "frankly"]
[Result "0-1"]
[WhiteCountry "AUT"]
[BlackCountry "ENG"]
[WhiteElo "2105"]
[WhiteRD "73"]
[BlackElo "2473"]
[BlackRD "55"]
[GameID "387746"]

1. Nf3 Nf6 2. b3 g6 3. g3 Bg7 4. Bb2 c5 5. c4 O-O 6. Bg2 Nc6 7. O-O Qa5 8. Nc3 d6 9. d4 cxd4 10. Nxd4 Bd7
11. Nc2 Qh5 12. e4 Rac8 13. Qxh5 Nxh5 14. Ne3 b5 15. Rad1 bxc4 16. Nxc4 Be6 17. Nd5 Bxb2 18. Nxb2 Bxd5 19. Rxd5 Nb4 20. Ra5 Rc7
21. Nc4 Nf6 22. Rd1 Nd7 23. Ne3 Rb8 24. Bf1 Kg7 25. Bc4 Nc6 26. Rb5 Nb6 27. Be2 h6 28. Kg2 Rcb7 29. Nd5 Nxd5 30. Rbxd5 Rc7
31. Rc1 Rbc8 32. Rc4 Ne5 33. Rxc7 Rxc7 34. Rd2 Rc3 35. f4 Nc6 36. Kf2 Kf6 37. Bc4 g5 38. Ke2 Rc1 39. Kf3 gxf4 40. gxf4 Rc3+
41. Kg4 Kg6 42. Bd3 h5+ 43. Kh4 Nd4 44. Kg3 Kf6 45. Kf2 e5 46. f5 Rc1 47. Bc4 Rh1 48. Ke3 Re1+ 49. Kd3 Rf1 50. Bd5 h4
51. b4 Nf3 52. Re2 Rh1 53. Re3 Ne1+ 54. Kc3 Ng2 55. Rh3 Kg5 56. Kc4 Nf4 57. Ra3 Rxh2 58. Rxa7 h3 59. Rxf7 Rc2+ 60. Kb3 h2
61. Rh7 Rd2
0-1

[Event "September 1800+"]
[Site "SchemingMind.com"]
[Date "2015.09.20"]
[Round "-"]
[White "frankly"]
[Black "fanfan_la_Tulipe"]
[Result "1-0"]
[WhiteCountry "ENG"]
[BlackCountry "AUT"]
[WhiteElo "2453"]
[WhiteRD "56"]
[BlackElo "2130"]
[BlackRD "72"]
[GameID "387747"]

1. d4 Nf6 2. Nf3 g6 3. c4 Bg7 4. g3 O-O 5. Bg2 d6 6. O-O Na6 7. Nc3 c5 8. b3 d5 9. cxd5 Nxd5 10. Nxd5 Qxd5
11. Bb2 Rd8 12. Qc1 cxd4 13. Nxd4 Qc5 14. Nc2 Bxb2 15. Qxb2 Qb6 16. Qa3 Kf8 17. Ne3 Be6 18. Nc4 Bxc4 19. bxc4 Rab8 20. Rab1 Qc7
21. Rb5 Qxc4 22. Rxb7 Rxb7 23. Bxb7 Nb4 24. Rc1 Qd4 25. Bf3 Rd7 26. Qa4 Qd2 27. Rc8+ Kg7 28. Qb5 Qd4 29. h4 a6 30. Qb8 h5
31. Rh8 Kf6 32. a3 Nd5 33. Rh7 Ke6 34. Qe8 Qf6 35. Bg2 Rc7 36. Rxf7
1-0

[Event "September 1800+"]
[Site "SchemingMind.com"]
[Date "2015.09.20"]
[Round "-"]
[White "fanfan_la_Tulipe"]
[Black "William Lindberg"]
[Result "0-1"]
[WhiteCountry "AUT"]
[BlackCountry "USA"]
[WhiteElo "2105"]
[WhiteRD "73"]
[BlackElo "2310"]
[BlackRD "68"]
[GameID "387748"]

1. Nf3 Nf6 2. b3 Nc6 3. Bb2 d5 4. g3 e5 5. Bg2 Bd6 6. O-O O-O 7. d4 e4 8. Ne5 Re8 9. Nxc6 bxc6 10. c4 e3
11. Nc3 exf2+ 12. Rxf2 Ng4 13. Rf3 dxc4 14. bxc4 Rb8 15. Bc1 c5 16. e3 cxd4 17. exd4 Nxh2 18. Rd3 Ng4 19. Nb5 Qf6 20. Rf3 Qg6
21. Nxd6 cxd6 22. Bf4 h5 23. Rb3 Bf5 24. Qd2 Rbc8 25. Rc1 Be4 26. Ra3 Bxg2 27. Kxg2 h4 28. Rxa7 Qe4+ 29. Kh3 Qf3 30. Qg2 Nf2+
31. Kh2 hxg3+ 32. Bxg3 Qh5+ 33. Kg1 Nh3+ 34. Kf1 Rxc4
0-1